[Event "Titled Tuesday intern op 18th Apr Late"]
[Site "Chess.com INT"]
[Date "2023.04.18"]
[Round "3"]
[White "Jodorcovsky Werjivker, Paulo"]
[Black "Tarnowska, Aleksandra"]
[Result "1-0"]
[WhiteElo "2220"]
[BlackElo "1835"]
[PlyCount "89"]
[EventDate "2023.04.18"]
[EventType "swiss (blitz)"]
[EventRounds "11"]
[EventCountry "USA"]
[SourceTitle "EXT 2024"]
[Source "ChessBase"]
[SourceDate "2023.10.10"]
[SourceVersion "1"]
[SourceVersionDate "2023.10.10"]
[SourceQuality "1"]

1. e4 c5 2. Nc3 a6 3. g3 b5 4. Bg2 b4 5. Na4 d6 6. b3 Bb7 7. Ne2 Nf6 8. d3 g6 9. 0-0 Qc7 10. f4 Nbd7 11. Nb2 Bg7 12. Rb1 h5 13. h3 Nb6 14. Nc4 Nxc4 15. bxc4 a5 16. a3 Nd7 17. Qd2 Bc6 18. c3 bxc3 19. Nxc3 a4 20. Bb2 0-0 21. Ba1 Rfb8 22. Nd5 Bxd5 23. Bxg7 Kxg7 24. exd5 Nf6 25. Qc3 Rb7 26. g4 hxg4 27. hxg4 Kg8 28. Rxb7 Qxb7 29. g5 Nh5 30. f5 gxf5 31. Rxf5 Qb1+ 32. Rf1 Qb3 33. Qd2 Qxa3 34. Qf2 Rf8 35. Qf3 Ng7 36. Re1 Qc3 37. Rxe7 Qc1+ 38. Kh2 Qxg5 39. Re4 a3 40. Rg4 Qh6+ 41. Bh3 a2 42. Qf1 Ra8 43. Qa1 Qd2+ 44. Rg2 Qxd3 45. Qxg7# 1-0

[Event "Titled Tuesday intern op 10th Jan Late"]
[Site "Chess.com INT"]
[Date "2023.01.10"]
[Round "9"]
[White "Jodorcovsky Werjivker, Paulo"]
[Black "Argandona Riveiro, Inigo"]
[Result "1-0"]
[WhiteElo "2220"]
[BlackElo "2359"]
[PlyCount "141"]
[EventDate "2023.01.10"]
[EventType "swiss (blitz)"]
[EventRounds "11"]
[EventCountry "USA"]
[SourceTitle "EXT 2024"]
[Source "ChessBase"]
[SourceDate "2023.10.10"]
[SourceVersion "1"]
[SourceVersionDate "2023.10.10"]
[SourceQuality "1"]

1. e4 d6 2. d4 Nf6 3. Nc3 e5 4. Nf3 Nbd7 5. Bc4 Be7 6. Be3 0-0 7. h3 c6 8. a4 b6 9. 0-0 a6 10. Qd2 Rb8 11. Bb3 b5 12. axb5 axb5 13. Qd3 Qc7 14. dxe5 dxe5 15. Ra7 Rb7 16. Rxb7 Bxb7 17. Ra1 Nc5 18. Bxc5 Bxc5 19. Rd1 Nh5 20. Ne2 Qb6 21. Nxe5 Bxf2+ 22. Kh1 Bc8 23. Nxf7 Qe3 24. Qd8 Qxb3 25. cxb3 Rxd8 26. Nxd8 c5 27. Nc6 Kf7 28. Rd8 Be6 29. e5 Bxb3 30. g4 Ng3+ 31. Nxg3 Bxg3 32. Rd3 Bc4 33. Rf3+ Ke8 34. Rxg3 Bd5+ 35. Kg1 Bxc6 36. Kf2 Ke7 37. Ke3 Ke6 38. Kf4 b4 39. b3 Bd5 40. h4 h6 41. g5 hxg5+ 42. hxg5 c4 43. bxc4 Bxc4 44. Ke4 b3 45. Rg1 Bd5+ 46. Kd4 Bf3 47. Rb1 Kf5 48. Rxb3 Bh5 49. Rg3 Bf7 50. Rf3+ Ke6 51. Rxf7 Kxf7 52. Kd5 Ke7 53. e6 Ke8 54. Kd6 Kd8 55. Ke5 Ke7 56. Kf5 Ke8 57. Kg6 Kf8 58. e7+ Kxe7 59. Kxg7 Ke6 60. g6 Kf5 61. Kf7 Kg5 62. g7 Kf5 63. g8Q Ke5 64. Qg5+ Kd6 65. Qe3 Kc7 66. Qd4 Kc6 67. Ke7 Kc7 68. Qd5 Kb6 69. Qc4 Kb7 70. Qc5 Ka8 71. Qb5 1-0

[Event "Titled Tuesday intern op 10th Jan Late"]
[Site "Chess.com INT"]
[Date "2023.01.10"]
[Round "8"]
[White "Jodorcovsky Werjivker, Paulo"]
[Black "Rodriguez Lopez, Andres Camilo"]
[Result "1-0"]
[WhiteElo "2220"]
[BlackElo "2002"]
[PlyCount "109"]
[EventDate "2023.01.10"]
[EventType "swiss (blitz)"]
[EventRounds "11"]
[EventCountry "USA"]
[SourceTitle "EXT 2024"]
[Source "ChessBase"]
[SourceDate "2023.10.10"]
[SourceVersion "1"]
[SourceVersionDate "2023.10.10"]
[SourceQuality "1"]

1. e4 c5 2. Nc3 a6 3. g3 b5 4. Bg2 Bb7 5. Nh3 e6 6. 0-0 Nf6 7. d3 d5 8. exd5 Nxd5 9. Nxd5 Bxd5 10. f4 Be7 11. f5 Bxg2 12. Kxg2 exf5 13. Rxf5 0-0 14. Be3 Nd7 15. Qf3 Rc8 16. Rf1 f6 17. Qd5+ Kh8 18. Nf4 Ne5 19. Qxd8 Rfxd8 20. Ne6 Rd7 21. h3 Rc6 22. Ng5 g6 23. Rxe5 fxe5 24. Nf7+ Kg7 25. Nxe5 Rdc7 26. Rf7+ Kg8 27. Bh6 Bd6 28. Rxc7 Rxc7 29. Ng4 Rf7 30. Bg5 Be7 31. Nh6+ Kf8 32. Nxf7 Kxf7 33. Bxe7 Kxe7 34. Kf3 Kf6 35. Kf4 Ke6 36. h4 h6 37. g4 a5 38. c3 a4 39. Ke4 g5 40. hxg5 hxg5 41. d4 cxd4 42. cxd4 b4 43. d5+ Kd6 44. Kd4 a3 45. bxa3 bxa3 46. Ke4 Kc5 47. Ke5 Kc4 48. d6 Kc3 49. d7 Kb2 50. d8Q Kxa2 51. Qd4 Kb1 52. Qb4+ Ka2 53. Kd4 Ka1 54. Kc3 a2 55. Qb2# 1-0